000 00577cam a2200241 4500
001 J2473
008 090401t1994 xxu||||| |||| 00| 0 eng d
035 _a(Sirsi) u49221
041 _aeng
050 _a333.336
110 _aChesterton
_92357
245 _aBig sheds. - Summer 1994
260 _aLondon
_bChesterton
_c1994
300 _a32p. : ill. ; 30cm.
350 _a0
650 _aBIG SHEDS
650 _aDISTRIBUTION BUILDINGS
650 _aSCOTLAND
650 _aWAREHOUSES
690 _aPROPERTY-COMMERCIAL PROPERTY
942 _n0
948 _c04/03/1997
999 _c92530
_d92530